Normal view
MARC view
- Finite element method
Entry Topical Term
001 - CONTROL NUMBER
- control field: 87460
003 - CONTROL NUMBER IDENTIFIER
- control field: NUST
005 - DATE AND TIME OF LATEST TRANSACTION
- control field: 20220107113103.0
008 - FIXED-LENGTH DATA ELEMENTS
- fixed length control field: 220107|| aca||aabn | a|a d
040 ## - CATALOGING SOURCE
- Original cataloging agency: NUST
- Transcribing agency: NUST
150 ## - HEADING--TOPICAL TERM
- Topical term or geographic name entry element: Finite element method
- General subdivision: Data processing
670 ## - SOURCE DATA FOUND
- Source citation: Work cat.: (NUST)32573: Moaveni, Saeed. 87459, Finite Element Analysis :, c2003.
